The Chartered Institute of Arbitrators (Record no. 120726)

MARC details
000 -LEADER
fixed length control field 01063cai a22001935a 4500
001 - CONTROL NUMBER
control field L145813
008 - FIXED-LENGTH DATA ELEMENTS--GENERAL INFORMATION
fixed length control field 081111u2008 xxk g v 000 0 eng d
035 ## - SYSTEM CONTROL NUMBER
System control number (Sirsi) u145813
041 0# - LANGUAGE CODE
Language code of text/sound track or separate title eng
110 2# - MAIN ENTRY--CORPORATE NAME
Corporate name or jurisdiction name as entry element The Chartered Institute of Arbitrators
9 (RLIN) 2128
245 04 - TITLE STATEMENT
Title The Chartered Institute of Arbitrators
Medium [electronic resource]
520 ## - SUMMARY, ETC.
Summary, etc. A professional membership body for dispute resolvers, the Chartered Institute of Arbitrators operates as a not-for-profit UK registered charity. Offers training and qualifications in arbitration, mediation and adjudication. Provides news, events and publications, including the Protocol for e-disclosure in arbitration.
590 ## - LOCAL NOTE (RLIN)
Local note KA
650 24 - SUBJECT ADDED ENTRY--TOPICAL TERM
Topical term or geographic name entry element PROTOCOL FOR E-DISCLOSURE IN ARBITRATION
651 #4 - SUBJECT ADDED ENTRY--GEOGRAPHIC NAME
Geographic name United Kingdom
Chronological subdivision
690 ## - LOCAL SUBJECT ADDED ENTRY--TOPICAL TERM (OCLC, RLIN)
Topical term or geographic name as entry element MANAGEMENT-DISPUTE AVOIDANCE, MANAGEMENT AND RESOLUTION-DISPUTE MANAGEMENT AND RESOLUTION-ALTERNATIVE DISPUTE RESOLUTION
856 40 - ELECTRONIC LOCATION AND ACCESS
Uniform Resource Identifier <a href="https://www.ciarb.org/information-and-resources/E-Discolusure%20in%20Arbitration.pdf">https://www.ciarb.org/information-and-resources/E-Discolusure%20in%20Arbitration.pdf</a>
Public note View the website at www.arbitrators.org
942 ## - ADDED ENTRY ELEMENTS (KOHA)
Suppress in OPAC 0
Holdings
Withdrawn status Lost status Source of classification or shelving scheme Damaged status Not for loan Home library Current library Shelving location Date acquired Total Checkouts Full call number Barcode Date last seen Copy number Price effective from Koha item type
    Dewey Decimal Classification     Virtual Virtual Online 11/11/2008   ONLINE PUBLICATION 145813-1001 06/08/2019 1 06/08/2019 Online material